Statistics for All-NBA Third Team Players

Click here to take the quiz!

General Stats

  • This quiz has been taken 61 times
    (31 since last reset)
  • The average score is 53 of 97

Answer Stats

Answer % Correct
DeAndre Jordan
95%
Tim Duncan
95%
Russell Westbrook
90%
LeBron James
90%
David Robinson
90%
Paul Pierce
85%
Dwight Howard
85%
Chris Paul
85%
Scottie Pippen
85%
Damian Lillard
85%
Blake Griffin
85%
Pau Gasol
85%
Klay Thompson
85%
Juwan Howard
85%
John Wall
85%
Draymond Green
85%
Stephen Curry
85%
Dwyane Wade
85%
John Stockton
80%
Kevin Garnett
80%
Kobe Bryant
80%
Baron Davis
80%
Steve Nash
80%
James Harden
80%
Shaquille O'Neal
75%
Hakeem Olajuwon
75%
Ray Allen
75%
Carmelo Anthony
75%
Kyrie Irving
75%
Dirk Nowitzki
70%
Kevin Johnson
70%
Eddie Jones
70%
Vince Carter
70%
Joe Johnson
70%
Tracy McGrady
70%
Tony Parker
70%
Paul George
65%
Kemba Walker
65%
Clyde Drexler
65%
Yao Ming
65%
Kyle Lowry
65%
Tim Hardaway
65%
Penny Hardaway
65%
Manu Ginobili
65%
Reggie Miller
65%
Joe Dumars
60%
Karl Malone
60%
Jermaine O'Neal
60%
Chris Webber
60%
Chris Mullin
60%
Rudy Gobert
55%
Dikembe Mutombo
55%
Karl-Anthony Towns
55%
Ben Wallace
55%
Charles Barkley
55%
Jimmy Butler
55%
DeMar DeRozan
55%
Dennis Rodman
50%
Gary Payton
50%
Mark Price
50%
Allen Iverson
50%
Dominique Wilkins
45%
Chauncey Billups
45%
Rajon Rondo
40%
James Worthy
40%
Andre Drummond
40%
Shawn Marion
40%
LaMarcus Aldridge
40%
Mitch Richmond
40%
Zach Randolph
35%
Victor Oladipo
35%
Carlos Boozer
35%
Stephon Marbury
35%
Glen Rice
35%
Derrick Coleman
30%
Ron Artest
30%
Kevin Willis
25%
David Lee
25%
Tyson Chandler
25%
Bernard King
25%
Al Horford
25%
Vin Baker
25%
Robert Parish
25%
Gilbert Arenas
25%
Brandon Roy
20%
Andrew Bogut
20%
Drazen Petrovic
20%
Brad Daugherty
20%
Michael Redd
20%
Al Jefferson
15%
Goran Dragic
15%
Anthony Mason
15%
Jamal Mashburn
10%
Detlef Schrempf
10%
Terry Cummings
5%
Antonio McDyess
5%
Dale Ellis
5%

Score Distribution

Percentile by Number Answered

Percent of People with Each Score

Your Score History

You have not taken this quiz since the last reset